| 000 | 02875nam a2200265 a 4500 | ||
|---|---|---|---|
| 001 | 000030969 | ||
| 003 | DO-SdBNP | ||
| 005 | 20220225085110.0 | ||
| 007 | ta | ||
| 008 | 110608s2012 dr 000 0 spa d | ||
| 020 | _a9789945454369 | ||
| 040 |
_aDO-SdBNP _bspa _cBNPHU |
||
| 082 | 4 |
_a344.7293046 _bV297c _222 |
|
| 100 | 1 |
_aVargas Pimental, César Antonio. _957481 |
|
| 245 | 1 | 0 |
_aCompendio legislación ambiental Dominicana / _cCésar Antonio Vargas Pimental. |
| 246 | 1 | 3 | _aLegislación ambiental dominicana |
| 260 |
_aSanto Domingo : _bInstituto de Derecho Ambiental, _c2012. |
||
| 300 |
_av. ; _c23 cm. |
||
| 500 | _aIncluye datos biográficos del autor en las solapas | ||
| 505 | 0 |
_aIntroducción-- _tPrefacio-- _gVolumen 1. Tema 1-- _tLey general de medio ambiente y recursos naturales-- _gTema 2-- _tReglamento del sistema de permisos y licencias ambientales-- _gTema 3-- _tProcedimiento para la evaluación de impacto ambiental de proyectos nuevos y anexo 1-- _gTema 4-- _tResolución no.03/2010 que deroga el procedimiento para la evaluación ambiental de intalaciones existentes-- _gTema 5-- _tReglamento que establece el procedimiento de registro y certificación para prestadores de servicios ambientales. Criterios y requisitos de inscripciones en el registro de prestadoras y prestadores de servicios ambientales -- _gTema 6-- _tNorma para la gestión ambiental de marinas y otras facilidades que ofrecen servicios a embarcaciones recreativas-- _gTema 7-- _tReglamento ambiental para estaciones de servicio de combustibles-- _gTema 8-- _tGuía para buenas prácticas ambientales en el sector hotelero -- _gTema 9-- _tGuía para la realización de las evaluaciones de impacto social (EIS) dentro del proceso de evaluación de impacto ambiental (EIA) -- _gTema 10- _tProcedimiento para la elaboración de instrumentos de regularización ambiental-- _gTema 11-- _tNorma para la reducción y eliminación del consumo de las sustancias agotadoras de la capa de ozono-- _gTema 12-- _tReglamento ambiental para uso, manejo, transporte y disposición de bifenilos policlorados (PCB)-- _gTema 13-- _gReglamento ambiental para plantas de almacenamiento, envasado y expendio de gas licuado de petroleo-- _gTema 14-- _tReglamento para la gestión integral de aceites usados-- _gTema 15-- _tReglamento para la gestión integral de aceites usados-- _gTema 16-- _tReglamento para el control, vigilancia e inspección ambiental y la aplicación de sanciones administrativas-- _gTema 17-- _tReglamento ambiental de uso y manejo de agroquimicos y sus residuos en producción horticola. _gVolumen 2-- _tAgradecimiento -- _tIntroducción-- _gCapítulo 1-- _tAire-- _gCapíulo 2-- _tAgua-- _gCapítulo 3-- _tRuido-- _gCapítulo 4-- _tMinería y suelo. |
|
| 590 | _aInventariado,2018/DG | ||
| 650 | 4 |
_aControl ambiental _zRepública Dominicana _99275 |
|
| 910 | _aValidado. Control de calidad MFF | ||
| 942 |
_2ddc _cLBS1 |
||
| 999 |
_c30461 _d30461 |
||